Normal view
MARC view
- Day,Adrian
Entry Personal Name
001 - CONTROL NUMBER
- control field: 1850
003 - CONTROL NUMBER IDENTIFIER
- control field: JO-AjAnu
005 - DATE AND TIME OF LATEST TRANSACTION
- control field: 20230606070615.0
008 - FIXED-LENGTH DATA ELEMENTS
- fixed length control field: 230606|| aca||aabn | a|a d
040 ## - CATALOGING SOURCE
- Original cataloging agency: JO-AjAnu
- Transcribing agency: JO-AjAnu
100 ## - HEADING--PERSONAL NAME
- Personal name: Day,Adrian
670 ## - SOURCE DATA FOUND
- Source citation: Work cat.: (JO-AjAnu)975: Day,Adrian, author, Investing in Resources:HOW TO PROFIT FROM THE OUTSIZED POTENTIAL AND AVOID THE RISKS